| 000 | 00474nam a2200157 a 4500 | ||
|---|---|---|---|
| 001 | 000041865 | ||
| 005 | 20201002035811.0 | ||
| 008 | 131018s20uu dr ac 000 0 spa d | ||
| 020 | _a9993493406 | ||
| 040 |
_aDO-SdBNP _bspa _cBNPHU |
||
| 082 |
_axxxx _bxxxx |
||
| 245 | 0 | 0 | _aManual de cultivo y conservación de plantas medicinales. |
| 260 |
_aSanto Domingo, : _bGraphic colonial, _c[20uu]. |
||
| 300 |
_av. : _bil., restr. ; _c21 cm. |
||
| 505 | 2 |
_tÁrboles dominicanos _gv. III |
|
| 999 |
_c41354 _d41354 |
||